000 00625cam a22002173a 4500
001 44825
003 PGUSA
005 20140828084026.0
008 140204s2014||||xxu|||||s|||||000 | eng d
040 _aPGUSA
_beng
042 _adc
100 1 _aShakespeare, William,
_d1564-1616
245 1 0 _aVerta verrasta
_h[electronic resource] /
_cWilliam Shakespeare
260 _bProject Gutenberg,
_c2014
506 _aPublic domain in the USA.
516 _aElectronic text
700 1 _aCajander, Paavo Emil,
_d1846-1913
830 0 _aProject Gutenberg
_v44825
856 4 0 _uhttp://www.gutenberg.org/ebooks/44825
942 _cEB
999 _c274076
_d274076